عرض عادي
عرض مارك
- Westwood, John,
مدخل إسم شخص
001 - رقم الضبط
- حقل الضبط: 44717
003 - معرف رقم الضبط
- حقل الضبط: OSt
005 - تاريخ ووقت أخر عملية
- حقل الضبط: 20140511172908.0
008 - عناصر بيانات ثابتة الطول
- حقل تحكم ثابت الطول: 140511|||a|||||| | ||| d
040 ## - مصدر الفهرسة
- هيئة الفهرسة الأصلية: OSt
- وكالة الكتابة: OSt
100 ## - مدخل -- أسم شخص
- إسم شخص: Westwood, John,
- تواريخ مرتبطة بالاسم: 1947-
670 ## - بيانات المصدر موجوده
- الاستشهاد بالمصدر: Work cat.: (OSt)0: Westwood, John, 1947-, How to write a marketing plan /, 2013.
